000 00465nam a2200157Ia 4500
008 240729s9999 xx 000 0 und d
022 _a1542-3034
245 0 _aInternational Journal of Rotating Machinery
260 _aUnited Kingdom
260 _bHindawi Limited
650 _a Engineering (General). Civil engineering (General)
650 _aTechnology
856 _uhttps://doaj.org/toc/bc0f73c551db4640a0ea7b7499026454
942 _2ddc
942 _cDOAJEJ
999 _c71432
_d71432
945 _a1
_bMadushi Gamage
_c1
_dMadushi Gamage